Central Library OPAC University of Rajshahi

Readings in cost accounting, budgeting, and control / (Record no. 32841)

MARC details
000 -LEADER
fixed length control field 00822nam a2200253 a 4500
001 - CONTROL NUMBER
control field 32841
003 - CONTROL NUMBER IDENTIFIER
rucl marc code BD-RjUL
005 - DATE AND TIME OF LATEST TRANSACTION
control field 20211209051914.0
008 - FIXED-LENGTH DATA ELEMENTS--GENERAL INFORMATION
fixed length control field 170117s1955 -uka b 000 0 eng d
035 ## - SYSTEM CONTROL NUMBER
System control number (BD-RjUL)32931
040 ## - CATALOGING SOURCE
Original cataloging agency DLC
Transcribing agency ODaWU
Modifying agency DLC
-- BD-RjUL
Language of cataloging eng
041 ## - LANGUAGE CODE
Language code of text/sound track or separate title eng
082 ## - DEWEY DECIMAL CLASSIFICATION NUMBER
Edition number 23
Classification number 658.1552
Author mark and year REA 1955
245 10 - TITLE STATEMENT
Title Readings in cost accounting, budgeting, and control /
Statement of responsibility, etc. Editor Willim E. Thomas, American Accounting Association.
260 ## - PUBLICATION, DISTRIBUTION, ETC. (IMPRINT)
Place of publication, distribution, etc. Chicago :
Name of publisher, distributor, etc. South-western Pub. Co.,
Date of publication, distribution, etc. 1955
300 ## - PHYSICAL DESCRIPTION
Pagination ix, 785 p. :
Illustrations ill. ;
Size 26 cm.
504 ## - BIBLIOGRAPHY, ETC. NOTE
Bibliography, etc Includes Index
650 #0 - SUBJECT ADDED ENTRY--TOPICAL TERM
Topical term or geographic name as entry element Controllership.
9 (RLIN) 180859
Topical term or geographic name as entry element Cost accounting.
9 (RLIN) 176383
Topical term or geographic name as entry element Budget in business.
9 (RLIN) 179922
700 ## - ADDED ENTRY--PERSONAL NAME
Personal name Thomas, William E.
710 2# - ADDED ENTRY--CORPORATE NAME
Corporate name or jurisdiction name as entry element American Accounting Association.
9 (RLIN) 183073
942 ## - ADDED ENTRY ELEMENTS (KOHA)
Source of classification or shelving scheme Dewey Decimal Classification
Koha item type Books
Holdings
Lost status Source of classification or shelving scheme Damaged status Not for loan Collection code Permanent Location Current Location Shelving location Date acquired Source of acquisition Total Checkouts Full call number Date last seen Copy number Koha item type
  Dewey Decimal Classification   Not For Loan Non-fiction Central Library, University of Rajshahi Central Library, University of Rajshahi Reading Room 30/06/1961 Asia foundation, Gift   658.1552 REA 1955 17/01/2017 C-1 Books